1934 FIFA World Cup - Statistics

General Stats
  • This quiz has been taken 59 times
  • The average score is 12 of 16
Answer Stats
Hint Answer % Correct
Winner Italy
98%
Round 1 Brazil
93%
Quarter Finals Spain
93%
Round 1 France
91%
3rd Place Germany
91%
Round 1 Argentina
86%
Round 1 United States
84%
Quarter Finals Hungary
75%
2nd Place Czechoslovakia
73%
Quarter Finals Sweden
70%
Round 1 Belgium
64%
4th Place Austria
59%
Round 1 Netherlands
57%
Quarter Finals Switzerland
57%
Round 1 Romania
45%
Round 1 Egypt
36%
No matching quizzes found
Score Distribution
Percent of People with Each Score
Percentile by Number Answered
Your Score History
You have not taken this quiz